A polt̕ica de estado sobre os recursos do petrl̤eo O caso Venezuelano /

Detalles Bibliográficos
Autor principal: Ribeiro Silva, Flv̀io Tl︢io
Formato: eBook
Lenguaje:portugués
Publicado: San Pablo: Pillares, 2016
Materias:
Acceso en línea:Acceso restringido

MARC

LEADER 00000nam a22000007a 4500
005 20161217214740.0
007 cr|||| ||||
008 161217s2016 br |||||s|||| 00||0 por d
020 |a 978-85-8183-058-2 
035 |a 14715 
040 |a vLex 
090 |c 6516  |d 6516 
100 1 |a Ribeiro Silva, Flv̀io Tl︢io 
245 1 1 |a A polt̕ica de estado sobre os recursos do petrl̤eo  |h [Recurso electrn̤ico] :  |b O caso Venezuelano /  |c Flv̀io Tl︢io Ribeiro Silva 
256 |a Servicio en ln̕ea 
260 |a San Pablo:  |b Pillares,  |c 2016 
300 |a 1 recurso electrn̤ico 
506 1 |a Disponible solo en los productos indicados  |d vLex Global  |d vLex Global (Academic Edition, excluding Law Schools)  |d vLex Global (U.S. Academic Edition, Law Schools)  |d vLex Global (U.S. Academic Edition, excluding Law Schools)  |d vLex Global (Academic Edition, Law Schools) 
650 0 4 |a Derecho Pb︢lico y Administrativo  |z Brasil 
740 0 |a vLex Libros (Servicio en ln̕ea) 
856 4 0 |u http://vlex.com/source/politica-estado-recursos-petroleo-14715  |z Acceso restringido 
942 |c BOOK 
999 0 |a Public and Administrative Law